Statistics for Fast Food Burger Names

Click here to take the quiz!

General Stats

  • This quiz has been taken 2,599 times
    (2,598 since last reset)
  • The average score is 5 of 8

Answer Stats

Burger Resaurant % Correct
Big MacMcdonald's
100%
WhopperBurger King
98%
BaconatorWendy's
86%
SuperSONIC CheeseburgerSonic
82%
Double DoubleIn-N-Out
54%
Original Six Dollar BurgerCarl's Jr.
39%
Original ThickburgerHardee's
39%
ShackBurgerShake Shack
27%

Score Distribution

Percentile by Number Answered

Percent of People with Each Score

Your Score History

You have not taken this quiz since the last reset